[Event "HUN-chT2 Erkel 1819"]
[Site "Hungary"]
[Date "2019.03.10"]
[Round "7.7"]
[White "Fendrich, Zoltan"]
[Black "Molnar, Jozsef"]
[Result "0-1"]
[WhiteElo "1964"]
[BlackElo "2127"]
[PlyCount "48"]
[EventDate "2018.10.28"]
[EventType "team-tourn"]
[EventRounds "9"]
[EventCountry "HUN"]
[SourceTitle "EXT 2021"]
[Source "ChessBase"]
[SourceDate "2020.10.23"]
[SourceVersion "1"]
[SourceVersionDate "2020.10.23"]
[SourceQuality "1"]
[WhiteTeam "Vac"]
[BlackTeam "Budapest EAC"]
[WhiteTeamCountry "HUN"]
[BlackTeamCountry "HUN"]

1. e4 e6 2. d4 d5 3. exd5 exd5 4. Nf3 Bd6 5. Nc3 c6 6. Bd3 Bg4 7. h3 Bh5 8. g4 Bg6 9. Bxg6 hxg6 10. Qe2+ Ne7 11. Bd2 Qc7 12. 0-0-0 Nd7 13. Rde1 f6 14. g5 0-0-0 15. gxf6 gxf6 16. Kb1 Rh7 17. Qd1 Nf5 18. h4 Rdh8 19. a3 b5 20. Na2 Kb7 21. Re6 Nf8 22. Re8 g5 23. h5 Ng7 24. Qe1 Nxe8 0-1

[Event "HUN-chT2 Erkel 1112"]
[Site "Hungary"]
[Date "2012.05.20"]
[Round "11.3"]
[White "Fendrich, Zoltan"]
[Black "Kustra, Pal"]
[Result "1-0"]
[WhiteElo "1943"]
[BlackElo "2091"]
[PlyCount "107"]
[EventDate "2011.09.25"]
[EventType "team-tourn"]
[EventRounds "11"]
[EventCountry "HUN"]
[SourceTitle "EXT 2013"]
[Source "ChessBase"]
[SourceDate "2012.11.22"]
[SourceVersion "1"]
[SourceVersionDate "2012.11.22"]
[SourceQuality "1"]
[WhiteTeam "Vaci"]
[BlackTeam "Pestszentlorinc"]
[WhiteTeamCountry "HUN"]
[BlackTeamCountry "HUN"]

1. e4 g6 2. Nf3 Bg7 3. d4 c5 4. Be3 Qb6 5. Nbd2 cxd4 6. Nc4 Qb4+ 7. Qd2 Qxd2+ 8. Bxd2 Nc6 9. Bd3 d6 10. 0-0 Be6 11. Rfe1 Nh6 12. e5 d5 13. Na5 Rb8 14. Nxc6 bxc6 15. Nxd4 Kd7 16. b3 Nf5 17. c3 Nxd4 18. cxd4 f6 19. f4 fxe5 20. fxe5 Rhf8 21. Rac1 Bf5 22. Be2 Be4 23. Rc5 e6 24. Rec1 Rfc8 25. Ba6 Rc7 26. Ba5 Rb6 27. Bxb6 axb6 28. Rxc6 Ra7 29. Rxb6 Bh6 30. Rd6+ Ke7 31. Re1 Rc7 32. Re2 Rc3 33. Kf2 Bf4 34. g3 Rf3+ 35. Ke1 Be3 36. Rxe3 Rxe3+ 37. Kd2 Rf3 38. Bb5 Rf2+ 39. Ke3 Rxh2 40. Rd7+ Kf8 41. Be2 h5 42. b4 Rg2 43. Ra7 Rxg3+ 44. Kd2 Rg2 45. Ra3 h4 46. b5 Ke8 47. b6 Kd7 48. Rc3 Rf2 49. Ke3 Rf8 50. Rc7+ Kd8 51. Ra7 h3 52. Ra8+ Ke7 53. Rxf8 Kxf8 54. Bf3 1-0

[Event "HUN-chT2 Erkel 1112"]
[Site "Hungary"]
[Date "2012.03.25"]
[Round "8.9"]
[White "Fendrich, Zoltan"]
[Black "Lakat, Gyula"]
[Result "1/2-1/2"]
[WhiteElo "1943"]
[BlackElo "1859"]
[PlyCount "107"]
[EventDate "2011.09.25"]
[EventType "team-tourn"]
[EventRounds "11"]
[EventCountry "HUN"]
[SourceTitle "EXT 2013"]
[Source "ChessBase"]
[SourceDate "2012.11.22"]
[SourceVersion "1"]
[SourceVersionDate "2012.11.22"]
[SourceQuality "1"]
[WhiteTeam "Vaci"]
[BlackTeam "Honved II"]
[WhiteTeamCountry "HUN"]
[BlackTeamCountry "HUN"]

1. e4 c5 2. Nf3 d6 3. Nc3 Nc6 4. Bb5 g6 5. d4 cxd4 6. Nxd4 Bd7 7. 0-0 Bg7 8. Be3 Nf6 9. h3 0-0 10. f4 a6 11. Nxc6 bxc6 12. Bc4 Qa5 13. e5 Ne8 14. Bb3 Qc7 15. Qf3 Rb8 16. Rad1 Be6 17. exd6 exd6 18. Bf2 Bxb3 19. axb3 Bxc3 20. Qxc3 Ng7 21. Qf6 Ne8 22. Qc3 Rb5 23. Rfe1 Rf5 24. Qe3 d5 25. g4 Rf6 26. Bh4 Re6 27. Qd4 Ng7 28. Qf2 f5 29. Bg3 Re4 30. Rxe4 dxe4 31. Qe2 Qb6+ 32. Bf2 Qb5 33. Qxb5 axb5 34. Rd6 Rc8 35. Bc5 Re8 36. Be3 Re6 37. Rd8+ Kf7 38. Rd7+ Re7 39. Rd6 fxg4 40. hxg4 h5 41. g5 Nf5 42. Rf6+ Kg7 43. Kf2 h4 44. Rxc6 h3 45. Ra6 h2 46. Ra1 Rc7 47. c3 b4 48. Bd4+ Nxd4 49. cxd4 Rc2+ 50. Ke3 Rxb2 51. d5 Kf7 52. Ra7+ Kg8 53. Ra8+ Kg7 54. Ra7+ 1/2-1/2

[Event "HUN-chT2 Erkel 1112"]
[Site "Hungary"]
[Date "2011.11.27"]
[Round "4.10"]
[White "Sumegi, Miklos Andras"]
[Black "Fendrich, Zoltan"]
[Result "1/2-1/2"]
[WhiteElo "2046"]
[BlackElo "1943"]
[PlyCount "23"]
[EventDate "2011.09.25"]
[EventType "team-tourn"]
[EventRounds "11"]
[EventCountry "HUN"]
[SourceTitle "EXT 2013"]
[Source "ChessBase"]
[SourceDate "2012.11.22"]
[SourceVersion "1"]
[SourceVersionDate "2012.11.22"]
[SourceQuality "1"]
[WhiteTeam "Vizugy"]
[BlackTeam "Vaci"]
[WhiteTeamCountry "HUN"]
[BlackTeamCountry "HUN"]

1. d4 d5 2. Bf4 Nc6 3. e3 Nf6 4. Nd2 Bd7 5. Ngf3 e6 6. c3 Bd6 7. Qc2 h6 8. h3 Nh5 9. Bxd6 cxd6 10. Qb3 Nf6 11. Be2 0-0 12. 0-0 1/2-1/2

[Event "HUN-chT2 Erkel 1112"]
[Site "Hungary"]
[Date "2011.10.30"]
[Round "2.9"]
[White "Szlabey, Geza"]
[Black "Fendrich, Zoltan"]
[Result "0-1"]
[WhiteElo "1955"]
[BlackElo "1943"]
[PlyCount "94"]
[EventDate "2011.09.25"]
[EventType "team-tourn"]
[EventRounds "11"]
[EventCountry "HUN"]
[SourceTitle "EXT 2013"]
[Source "ChessBase"]
[SourceDate "2012.11.22"]
[SourceVersion "1"]
[SourceVersionDate "2012.11.22"]
[SourceQuality "1"]
[WhiteTeam "Foti"]
[BlackTeam "Vaci"]
[WhiteTeamCountry "HUN"]
[BlackTeamCountry "HUN"]

1. f4 d5 2. Nf3 Nc6 3. e3 Bg4 4. Bb5 Bxf3 5. Qxf3 Nf6 6. d3 e6 7. 0-0 Be7 8. c3 0-0 9. d4 Nb8 10. Nd2 c5 11. Bd3 Nc6 12. g4 g6 13. b3 cxd4 14. exd4 Rc8 15. Bb2 a6 16. Rae1 Qa5 17. a4 Nxd4 18. Qg2 Nc6 19. f5 e5 20. b4 Qb6+ 21. Kh1 e4 22. g5 Nd7 23. Be2 Rfe8 24. Nb3 Nce5 25. Rd1 Nc4 26. Bxc4 dxc4 27. Rxd7 cxb3 28. f6 Bf8 29. Rd4 Qc6 30. Re1 e3 31. Rd3 Rcd8 32. Qxc6 bxc6 33. Rd4 Rxd4 34. cxd4 Bxb4 35. Re2 Bd2 36. Kg2 Rd8 37. Kf3 Rd5 38. Rg2 Ra5 39. Rg4 Rf5+ 40. Ke2 Rf2+ 41. Kd3 Rxh2 42. Re4 h6 43. Re8+ Kh7 44. Re7 Bb4 45. Rxf7+ Kg8 46. Rg7+ Kf8 47. gxh6 e2 0-1

[Event "HUN-chT2 Erkel 1011"]
[Site "Hungary"]
[Date "2011.05.15"]
[Round "11.9"]
[White "Vass, Lajos"]
[Black "Fendrich, Zoltan"]
[Result "1-0"]
[WhiteElo "2096"]
[BlackElo "2036"]
[PlyCount "81"]
[EventDate "2010.09.12"]
[EventType "team-tourn"]
[EventRounds "11"]
[EventCountry "HUN"]
[SourceTitle "EXT 2012"]
[Source "ChessBase"]
[SourceDate "2011.11.24"]
[SourceVersion "1"]
[SourceVersionDate "2011.11.24"]
[SourceQuality "1"]
[WhiteTeam "Barcza"]
[BlackTeam "Vaci"]
[WhiteTeamCountry "HUN"]
[BlackTeamCountry "HUN"]

1. e4 Nf6 2. e5 Nd5 3. d4 d6 4. Nf3 Nc6 5. c4 Nb6 6. e6 f6 7. d5 Ne5 8. Nxe5 dxe5 9. Bd3 g6 10. Qg4 Rg8 11. Qh4 Bxe6 12. 0-0 Bf7 13. Nc3 Qd7 14. a4 a6 15. Rd1 0-0-0 16. a5 Na8 17. f4 e6 18. fxe5 Bc5+ 19. Kh1 exd5 20. cxd5 fxe5 21. Bg5 Rde8 22. Ne4 Be7 23. Bxe7 Qxe7 24. Qxe7 Rxe7 25. d6 cxd6 26. Nxd6+ Kb8 27. Nxf7 Rxf7 28. Bc4 Rgf8 29. Bxf7 Rxf7 30. Rd8+ Ka7 31. Re8 Nc7 32. Rxe5 Rf2 33. Rb1 Rf7 34. Kg1 Nb5 35. Rbe1 Rc7 36. Re7 Rc2 37. R1e2 Rc1+ 38. Kf2 Nd4 39. Rd2 Nc6 40. Rxh7 Nxa5 41. b4 1-0

[Event "HUN-chT2 Erkel 1011"]
[Site "Hungary"]
[Date "2011.03.27"]
[Round "7.9"]
[White "Zoltan, Andras"]
[Black "Fendrich, Zoltan"]
[Result "0-1"]
[WhiteElo "1977"]
[BlackElo "2036"]
[PlyCount "43"]
[EventDate "2010.09.12"]
[EventType "team-tourn"]
[EventRounds "11"]
[EventCountry "HUN"]
[SourceTitle "EXT 2012"]
[Source "ChessBase"]
[SourceDate "2011.11.24"]
[SourceVersion "1"]
[SourceVersionDate "2011.11.24"]
[SourceQuality "1"]
[WhiteTeam "Honved"]
[BlackTeam "Vaci"]
[WhiteTeamCountry "HUN"]
[BlackTeamCountry "HUN"]

1. e4 Nf6 2. e5 Nd5 3. Nf3 Nc6 4. d4 d6 5. Be2 Bg4 6. 0-0 e6 7. Re1 dxe5 8. Nxe5 Bxe2 9. Rxe2 Nxe5 10. dxe5 Bc5 11. Qd3 Nb4 12. Qd2 Qh4 13. Nc3 Rd8 14. Qg5 Be7 15. Qxg7 Kd7 16. Qh6 Qg4 17. Qf4 Qg6 18. Be3 Kc8 19. Rc1 h5 20. a3 Nc6 21. h3 Rdg8 22. Kh1 0-1

[Event "HUN-chT2 Erkel 1011"]
[Site "Hungary"]
[Date "2010.11.21"]
[Round "6.10"]
[White "Marta, Dominik"]
[Black "Fendrich, Zoltan"]
[Result "1/2-1/2"]
[WhiteElo "1737"]
[BlackElo "2036"]
[PlyCount "110"]
[EventDate "2010.09.12"]
[EventType "team-tourn"]
[EventRounds "11"]
[EventCountry "HUN"]
[SourceTitle "EXT 2012"]
[Source "ChessBase"]
[SourceDate "2011.11.24"]
[SourceVersion "1"]
[SourceVersionDate "2011.11.24"]
[SourceQuality "1"]
[WhiteTeam "Toth Laszlo"]
[BlackTeam "Vaci"]
[WhiteTeamCountry "HUN"]
[BlackTeamCountry "HUN"]

1. d4 e6 2. c4 Nf6 3. Nc3 Bb4 4. Bg5 h6 5. Bh4 0-0 6. e3 b6 7. Nf3 Bb7 8. Bg3 Ne4 9. Qc2 d5 10. Bd3 Nd7 11. 0-0 Bxc3 12. bxc3 c5 13. Bxe4 dxe4 14. Nd2 f5 15. Rab1 Rc8 16. Nb3 Qe7 17. Rfd1 g5 18. dxc5 e5 19. h3 Nxc5 20. Nxc5 Rxc5 21. Rb5 Rfc8 22. Qb3 f4 23. exf4 exf4 24. Rxc5 Rxc5 25. Bh2 e3 26. Qc2 exf2+ 27. Kxf2 Qe3+ 28. Kf1 Be4 29. Rd8+ Kf7 30. Qd1 Bc6 31. Bg1 Bxg2+ 32. Kxg2 Qg3+ 33. Kh1 Qxh3+ 34. Bh2 f3 35. Rd7+ Kg6 36. Qc2+ Kh5 37. Rd1 Re5 38. Qf2 Re2 39. Qg3 Qf5 40. Rf1 f2 41. Kg2 Qe4+ 42. Qf3+ Qxf3+ 43. Kxf3 Rxa2 44. Rxf2 g4+ 45. Ke3 Rxf2 46. Kxf2 Kg5 47. Bb8 a5 48. Ke3 a4 49. Bd6 Kf5 50. c5 Ke6 51. Bf8 a3 52. cxb6 a2 53. b7 a1Q 54. b8Q Qxc3+ 55. Ke2 Qf3+ 1/2-1/2

[Event "HUN-chT2 Erkel 1011"]
[Site "Hungary"]
[Date "2010.09.12"]
[Round "1.10"]
[White "Szlabey, Geza"]
[Black "Fendrich, Zoltan"]
[Result "1/2-1/2"]
[WhiteElo "1979"]
[BlackElo "2036"]
[PlyCount "78"]
[EventDate "2010.09.12"]
[EventType "team-tourn"]
[EventRounds "11"]
[EventCountry "HUN"]
[SourceTitle "EXT 2012"]
[Source "ChessBase"]
[SourceDate "2011.11.24"]
[SourceVersion "1"]
[SourceVersionDate "2011.11.24"]
[SourceQuality "1"]
[WhiteTeam "Foti"]
[BlackTeam "Vaci"]
[WhiteTeamCountry "HUN"]
[BlackTeamCountry "HUN"]

1. e4 Nf6 2. e5 Nd5 3. d4 d6 4. f4 dxe5 5. fxe5 Nc6 6. Nf3 Bg4 7. Bb5 e6 8. 0-0 Be7 9. c4 Nb6 10. Be3 0-0 11. Bxc6 bxc6 12. b3 Nd7 13. Nbd2 c5 14. Qe1 cxd4 15. Bxd4 c5 16. Bc3 Qc7 17. h3 Bh5 18. Rd1 Rad8 19. g4 Bg6 20. Ne4 h6 21. h4 Nb6 22. Qe3 Qc6 23. Nd6 Nc8 24. Nxc8 Qxc8 25. h5 Bh7 26. Ba5 Rxd1 27. Rxd1 Qa6 28. Bc7 Qxa2 29. Rd7 Bg5 30. Nxg5 hxg5 31. Bd6 Rc8 32. Qf3 Qb1+ 33. Kf2 Qb2+ 34. Kg3 f5 35. exf6 gxf6 36. Rxa7 Qd4 37. Be7 Qe5+ 38. Kf2 Qd4+ 39. Ke2 Qb2+ 1/2-1/2

[Event "Budapest FS05 FM-A"]
[Site "Budapest"]
[Date "2010.05.07"]
[Round "7"]
[White "Fendrich, Zoltan"]
[Black "Kubacsny, Vilmos"]
[Result "1-0"]
[WhiteElo "1971"]
[BlackElo "2075"]
[PlyCount "73"]
[EventDate "2010.05.01"]
[EventType "tourn"]
[EventRounds "11"]
[EventCountry "HUN"]
[SourceTitle "CBM 136 Extra"]
[Source "ChessBase"]
[SourceDate "2010.07.02"]
[SourceVersion "2"]
[SourceVersionDate "2010.07.15"]
[SourceQuality "1"]

1. e4 c5 2. Nf3 d6 3. d4 cxd4 4. Nxd4 Nf6 5. Nc3 a6 6. Be2 e5 7. Nf3 Be7 8. Be3 Be6 9. 0-0 b5 10. a3 Nbd7 11. Qd2 Rc8 12. Rad1 0-0 13. Rfe1 Qc7 14. Nh4 Nb6 15. Nf5 Bxf5 16. exf5 Rfd8 17. Bxb6 Qxb6 18. Bf3 Rc4 19. g3 Qc7 20. Re2 d5 21. Qe1 e4 22. Bg2 Bc5 23. Red2 Qe5 24. Kh1 h6 25. Bf1 Rd4 26. f4 Qxf5 27. Rxd4 Bxd4 28. Rxd4 Re8 29. Be2 g5 30. Qd2 e3 31. Qd3 Qh3 32. fxg5 hxg5 33. Nxd5 Qe6 34. Nxf6+ Qxf6 35. Re4 Qc6 36. Bf3 f5 37. Rxe3 1-0

[Event "Budapest FS05 FM-A"]
[Site "Budapest"]
[Date "2010.05.04"]
[Round "4"]
[White "Kantor, Reka"]
[Black "Fendrich, Zoltan"]
[Result "1-0"]
[WhiteElo "1962"]
[BlackElo "1971"]
[PlyCount "59"]
[EventDate "2010.05.01"]
[EventType "tourn"]
[EventRounds "11"]
[EventCountry "HUN"]
[SourceTitle "CBM 136 Extra"]
[Source "ChessBase"]
[SourceDate "2010.07.02"]
[SourceVersion "2"]
[SourceVersionDate "2010.07.15"]
[SourceQuality "1"]

1. e4 Nf6 2. Nc3 d6 3. d4 Bd7 4. Bd3 e5 5. d5 Be7 6. Nge2 c6 7. 0-0 Na6 8. dxc6 Bxc6 9. Nd5 Nc5 10. Nxf6+ Bxf6 11. Ng3 0-0 12. c4 Bh4 13. Nf5 Bxe4 14. Bxe4 Nxe4 15. Qg4 Bg5 16. Qxe4 g6 17. Nxd6 Bxc1 18. Nxb7 Qc7 19. Raxc1 Rab8 20. Nd6 Qxd6 21. c5 Qd4 22. Qxd4 exd4 23. b3 Rfc8 24. Rc4 d3 25. Rd1 Re8 26. g3 Re2 27. Rxd3 Rxa2 28. c6 Re2 29. c7 Rc8 30. Rd8+ 1-0

[Event "HUN-chT2 Erkel 0910"]
[Site "Hungary"]
[Date "2010.02.28"]
[Round "7.9"]
[White "Fendrich, Zoltan"]
[Black "Kalmar, Karoly"]
[Result "1-0"]
[WhiteElo "1991"]
[BlackElo "2034"]
[PlyCount "135"]
[EventDate "2009.11.08"]
[EventType "team-tourn"]
[EventRounds "11"]
[EventCountry "HUN"]
[SourceTitle "EXT 2011"]
[Source "ChessBase"]
[SourceDate "2010.11.26"]
[SourceVersion "1"]
[SourceVersionDate "2010.11.26"]
[SourceQuality "1"]
[WhiteTeam "Vaci"]
[BlackTeam "Dunaharaszti"]
[WhiteTeamCountry "HUN"]
[BlackTeamCountry "HUN"]

1. e4 c5 2. Nf3 e6 3. Nc3 a6 4. d4 cxd4 5. Nxd4 d6 6. Be3 Nf6 7. Be2 Be7 8. 0-0 0-0 9. Qd2 b5 10. a3 Bb7 11. f3 Nbd7 12. Rfd1 Rc8 13. Nb3 d5 14. exd5 Nxd5 15. Nxd5 Bxd5 16. a4 Nc5 17. Nxc5 Bxc5 18. Bxc5 Rxc5 19. b3 Qc7 20. Bd3 h6 21. axb5 axb5 22. Ra5 b4 23. Ra4 Rc3 24. Kh1 Qb6 25. Rda1 Rd8 26. Qf4 Rb8 27. Ra7 Rf8 28. R7a5 Bxb3 29. Rb5 Qd8 30. Rd1 Bd5 31. Rxb4 Qf6 32. Qd2 Rfc8 33. Rf4 Qe7 34. Ra1 Ra3 35. Re1 Qa7 36. h4 Ra1 37. Rg4 Qa5 38. Qxa5 Rxa5 39. c4 Bc6 40. Rd4 Kf8 41. Rd1 Ke7 42. Bf1 Rc5 43. Ra1 Rc7 44. Kg1 g5 45. Kf2 f5 46. Be2 e5 47. Rd2 e4 48. hxg5 hxg5 49. Rh1 Be8 50. fxe4 fxe4 51. Ke3 Bg6 52. Rh6 R7c6 53. Rb2 Kf6 54. Rh8 Ke5 55. Rg8 Ra5 56. Rb5+ Rxb5 57. cxb5 Rb6 58. Bc4 Kf6 59. Kd4 Rd6+ 60. Kc5 Rd2 61. b6 Rb2 62. Rd8 e3 63. Rd6+ Kg7 64. Re6 Rxg2 65. Rxe3 Rb2 66. Rb3 Rxb3 67. Bxb3 Be4 68. Bd5 1-0

[Event "HUN-chT2 Erkel 0910"]
[Site "Hungary"]
[Date "2009.11.08"]
[Round "1.10"]
[White "Fendrich, Zoltan"]
[Black "Lenkei, Robert"]
[Result "1-0"]
[WhiteElo "1991"]
[BlackElo "1759"]
[PlyCount "31"]
[EventDate "2009.11.08"]
[EventType "team-tourn"]
[EventRounds "11"]
[EventCountry "HUN"]
[SourceTitle "EXT 2011"]
[Source "ChessBase"]
[SourceDate "2010.11.26"]
[SourceVersion "1"]
[SourceVersionDate "2010.11.26"]
[SourceQuality "1"]
[WhiteTeam "Vaci"]
[BlackTeam "Godollo"]
[WhiteTeamCountry "HUN"]
[BlackTeamCountry "HUN"]

1. e4 e5 2. f4 exf4 3. Nf3 d6 4. Bc4 g6 5. d4 Bg7 6. Nc3 Bg4 7. Bxf4 Nd7 8. 0-0 Bxf3 9. Qxf3 Bxd4+ 10. Kh1 f6 11. Rad1 Be5 12. Nd5 Bxf4 13. Nxf4 Ne5 14. Qb3 Nxc4 15. Qxc4 Qe7 16. Nd5 1-0

[Event "HUN-chT2 Erkel 0809"]
[Site "Hungary"]
[Date "2009.04.19"]
[Round "11.12"]
[White "Horvath, Ilona Klara"]
[Black "Fendrich, Zoltan"]
[Result "0-1"]
[WhiteElo "1816"]
[BlackElo "1962"]
[PlyCount "70"]
[EventDate "2008.10.26"]
[EventType "team-tourn"]
[EventRounds "11"]
[EventCountry "HUN"]
[SourceTitle "EXT 2010"]
[Source "ChessBase"]
[SourceDate "2010.11.25"]
[SourceVersion "1"]
[SourceVersionDate "2010.11.25"]
[SourceQuality "1"]
[WhiteTeam "MAFC"]
[BlackTeam "Vaci"]
[WhiteTeamCountry "HUN"]
[BlackTeamCountry "HUN"]

1. e4 Nf6 2. e5 Nd5 3. c4 Nb6 4. f4 d6 5. d4 dxe5 6. fxe5 Nc6 7. Nf3 Bg4 8. Be3 e6 9. Nbd2 Bb4 10. Be2 Bxf3 11. Bxf3 Nxd4 12. 0-0 Nxf3+ 13. Qxf3 0-0 14. Rad1 Qe7 15. Ne4 Nxc4 16. Nf6+ Kh8 17. Rd7 Nxe5 18. Qh5 gxf6 19. Rxe7 Bxe7 20. Bd4 Rad8 21. Qh4 Rd5 22. Bxe5 Rxe5 23. Rf3 Rg8 24. Rh3 Rg7 25. Rd3 Rf5 26. g3 Bc5+ 27. Kg2 Rf2+ 28. Kh3 Bd6 29. Qd4 Rf5 30. Qxa7 Rg6 31. Qxb7 Kg7 32. b4 Rf2 33. b5 Rh6+ 34. Kg4 f5+ 35. Kg5 Be7# 0-1

[Event "Berze Memorial 7th"]
[Site "Godollo"]
[Date "1996.??.??"]
[Round "?"]
[White "Fendrich, Zoltan"]
[Black "Sillye, Kalman"]
[Result "1/2-1/2"]
[WhiteElo "1820"]
[BlackElo "2165"]
[PlyCount "66"]
[EventDate "1996.??.??"]
[EventType "swiss"]
[EventRounds "9"]
[EventCountry "HUN"]
[SourceTitle "EXT 2004"]
[Source "ChessBase"]
[SourceDate "2003.11.25"]
[SourceVersion "1"]
[SourceVersionDate "2003.11.25"]
[SourceQuality "1"]

1. e4 c5 2. Nf3 Nc6 3. Nc3 d6 4. Bb5 Bd7 5. 0-0 a6 6. Bxc6 Bxc6 7. d3 e6 8. Re1 Be7 9. b3 Nf6 10. Bb2 0-0 11. e5 Ne8 12. exd6 Bf6 13. Rb1 Nxd6 14. Ne5 Qc7 15. Nxc6 Qxc6 16. Qe2 Rfd8 17. Ne4 Bxb2 18. Rxb2 Nxe4 19. Qxe4 Rac8 20. Rbb1 Rd4 21. Qxc6 Rxc6 22. h3 f6 23. Re2 e5 24. Rbe1 Kf7 25. f3 b5 26. Re4 Rcd6 27. Kf2 Ke6 28. f4 Rxe4 29. Rxe4 Rd4 30. Ke3 h5 31. fxe5 fxe5 32. c3 Rd5 33. a4 g5 1/2-1/2

[Event "HUN-chT2"]
[Site "Hungary"]
[Date "1996.??.??"]
[Round "?"]
[White "Fendrich, Zoltan"]
[Black "Torok, Sandor"]
[Result "1/2-1/2"]
[WhiteElo "1870"]
[BlackElo "1900"]
[PlyCount "68"]
[EventDate "1996.??.??"]
[EventType "team"]
[EventRounds "13"]
[EventCountry "HUN"]
[SourceTitle "EXT 2006"]
[Source "ChessBase"]
[SourceDate "2005.11.24"]
[SourceVersion "1"]
[SourceVersionDate "2005.11.24"]
[SourceQuality "1"]

1. e4 c5 2. Nf3 d6 3. Nc3 Nc6 4. Bb5 Bd7 5. 0-0 e6 6. d3 Be7 7. Be3 Nf6 8. Qd2 0-0 9. Rad1 a6 10. Bc4 Qc7 11. a3 Rac8 12. Ba2 Rfd8 13. Rfe1 b5 14. Re2 Na5 15. Bf4 b4 16. axb4 cxb4 17. Nb1 e5 18. Bg3 b3 19. cxb3 Be6 20. Ree1 Nxb3 21. Bxb3 Bxb3 22. Rc1 Qb6 23. Nc3 d5 24. exd5 Nxd5 25. Bxe5 Bb4 26. Bd4 Qa5 27. Ra1 Qc7 28. Rec1 Qf4 29. Rxa6 Qxd2 30. Nxd2 Nxc3 31. bxc3 Rxd4 32. Nxb3 Rxd3 33. g3 Rdxc3 34. Rxc3 Bxc3 1/2-1/2

[Event "Berze Memorial 7th"]
[Site "Godollo"]
[Date "1996.??.??"]
[Round "?"]
[White "Szabo, Laszlo M"]
[Black "Fendrich, Zoltan"]
[Result "1-0"]
[WhiteElo "2055"]
[BlackElo "1820"]
[PlyCount "43"]
[EventDate "1996.??.??"]
[EventType "swiss"]
[EventRounds "9"]
[EventCountry "HUN"]
[SourceTitle "EXT 2004"]
[Source "ChessBase"]
[SourceDate "2003.11.25"]
[SourceVersion "1"]
[SourceVersionDate "2003.11.25"]
[SourceQuality "1"]

1. d4 d5 2. Bf4 Nc6 3. c3 a6 4. e3 Nf6 5. Bd3 Bg4 6. Ne2 e6 7. Nd2 Bd6 8. Bg5 Be7 9. Bh4 e5 10. f3 Bh5 11. 0-0 0-0 12. Ng3 Bg6 13. Nf5 Bxf5 14. Bxf5 Re8 15. Bc2 Qd6 16. Bg3 Qe6 17. Re1 Bd6 18. a3 Re7 19. Nf1 Rae8 20. Bh4 Nb8 21. g4 h6 22. Bf5 1-0